000 00580nam a2200169 i 4500
001 27930
003 ES-MaACL
005 20230906153731.0
007 t|
008 030115s1905 sp ||||1| spa d
100 1 _aAznar Navarro, Francisco.
_924314
245 1 0 _aRégimen municipal aragonés
_b: responsabilidad consiguiente al desempeño de los cargos concejiles /
_cFranciso Aznar Navarro.
260 _aZaragoza :
_b[s.n.],
_c1905 (
_fMariano Escar)
300 _a35 p. ;
_c25 cm.
500 _aEn port.: Publicado en la Revista de Aragón.
852 _aES-MaACL
_jT-1065-F-10
999 _c27930
_d27930